12 x 12 Tabla de Multiplicación - un minuto de sprint - Estadísticas

Estadísticas generales
  • Esta prueba ha sido intentada 700 veces
  • La puntuación promedio es 93 de 144
Estadísticas de respuestas
# % Correcto
1
100%
4
100%
2
99%
3
99%
5
98%
6
98%
7
98%
8
98%
9
97%
10
96%
12
96%
11
90%
14
89%
24
88%
20
86%
16
85%
18
83%
30
79%
22
78%
15
76%
40
73%
21
71%
36
70%
50
69%
60
66%
27
63%
28
63%
25
61%
45
59%
55
57%
33
56%
35
56%
32
54%
48
52%
44
51%
70
47%
80
45%
90
44%
42
43%
100
38%
66
37%
72
36%
56
34%
54
33%
120
32%
49
30%
110
29%
63
26%
77
26%
84
23%
64
22%
88
22%
96
21%
121
19%
144
19%
99
19%
81
18%
132
16%
108
14%
No se encontraron pruebas coincidentes
Distribución de puntuación
Porcentaje de gente con cada puntuación
Porcentaje por número respondido
Historial de tus puntuaciones
No has intentado esta prueba.